Villes de Meurthe-et-Moselle en images - Statistiques

Statistiques générales
  • Ce quiz a été pris 43 fois
  • Le résultat moyen est 8 sur 18
Statistiques - réponses
Par images Hint Réponse % Correct
N Nancy
100%
P Pont-à-Mousson
94%
L Lunéville
89%
T Toul
80%
L Longwy
60%
V Vandœuvre-lès-Nancy
51%
(V) B Val de Briey
49%
J Jarny
40%
S Saint-Nicolas-de-Port
40%
B Baccarat
31%
L Laxou
29%
S Saxon-Sion
29%
L Leménil-Mitry
14%
L Liverdun
14%
P Pierre-Percée
14%
M Malzéville
11%
N Neuves-Maisons
11%
F Fontenoy-la-Joûte
3%
Aucun quiz correspondant
Distribution des résultats
% des personnes avec chaque résultat
Percentile par nombre de réponses
Votre historique - résultats
Vous n’avez pas pris ce quiz